Kámasútra odhalte všechna tajemství milostné rozkoše

Bibliographic Details
Main Author: Sonntag, Linda (Author)
Other Authors: Ort, Michael (Translator)
Format: Book
Language:Czech
English
PhysicalDescription:128 s. fareb. fotogr., ilustr. 27 cm
Published: Praha Cesty 2001
ISBN:8071815187
Edition:1. čes. vyd.
Subjects:

MARC

LEADER 00000nam a2200000 a 4500
001 vtls008692632
003 SK-MaSNL
005 20260301205505.0
008 240315s2001 xr o f 000 0 cze
020 |a 8071815187  |q (viaz.) 
035 |a urn:nbn:sk:snk-am00cn0w 
035 |a urn:nbn:sk:snk-am3h7ou 
035 |a 1A62C189-C0FB-4108-A060-138898C433FF 
040 |a SNK  |b slo  |c SNK  |e AACR2 
041 1 |a cze  |h eng 
044 |a xr  |c CZ 
072 7 |a 613  |x Hygiena. Ľudské zdravie  |2 konspekt 
080 |a 613.88  |2 2001 
080 |a (035)  |2 2001 
080 |a (084.11)  |2 2001 
100 1 |a Sonntag, Linda  |4 aut  |9 591673 
240 1 4 |a The photographic Kama Sutra  |l Česky 
245 1 0 |a Kámasútra  |b odhalte všechna tajemství milostné rozkoše  |c Linda Sonntag ; [z anglického originálu přeložil Michael Ort] 
250 |a 1. čes. vyd. 
260 |a Praha  |b Cesty  |c 2001 
300 |a 128 s.  |b fareb. fotogr., ilustr.  |c 27 cm 
500 |a Vyd. Ottovo nakladatelství, Praha 
650 0 7 |a sex  |2 SNKPH  |9 2586 
650 0 7 |a erotika  |2 SNKPH  |9 3764 
655 7 |a príručky  |2 SNKPH  |9 74364 
655 7 |a obrazové publikácie  |2 SNKPH  |9 70343 
700 1 |a Ort, Michael  |4 trl  |9 323222 
919 |a 80-7181-518-7 
999 |c 910294  |d 912224 
952 |a SNK  |b SNK  |y PREZ  |7 0  |p 17A0506366  |o snkSB 72173  |i snk2006/8221  |8 1  |0 0  |1 0  |4 0  |d 2006-04-21  |f 1  |l 0  |r 2025-04-25 00:00:00  |w 2026-02-24